000 00628nam a2200205Ia 4500
003 GCL
008 140319s9999 xx 000 0 ara d
040 _aGCL /
_cGCL
082 0 4 _a810.9
_bش ع
100 1 _aشوقى ضيف
245 1 0 _aالعروبة فى شعر المهاجر الامريكى الجنوبى /
_cشوقى ضيف
700 1 _aعبدالرحيم محمود زلط
260 _a[S.N] :
_bدار الفكر العربى ،
_c1972
490 _a
650 0 4 _aالشعر العربى
650 0 4 _aالادب العربى
650 0 4 _aالمهجر
650 0 4 _aالمجموعات
942 _2ddc
_cBK
999 _c32424
_d32424